000 00202nam a22000857a 4500
008 170123b xxu||||| |||| 00| 0 eng d
100 _92536
_aCBSE
245 _aMarking Scheme
260 _aNew Delhi
_bCBSE
_c2011
999 _c5625
_d5625